Sports Quiz

Random Sports or Basketball Quiz
Score 0/30 Timer 07:00
1 Play Today
Team Player % Correct
Los Angeles ClippersLou Williams
75.1%
Portland Trail BlazersClyde Drexler
57.7%
Portland Trail BlazersClyde Drexler
57.7%
Miami HeatHassan Whiteside
57.2%
Memphis GrizzliesMike Miller
47.6%
Los Angeles LakersMagic Johnson
40.7%
New Jersey NetsTerrence Williams
40.1%
Washington BulletsJohn Williams
40.1%
New York KnicksMark Jackson
31.8%
Miami HeatHassan Whiteside
30.4%
New Orleans PelicansTyreke Evans
30.3%
Indiana PacersDetlef Schrempf
28.3%
Indiana PacersDetlef Schrempf
28.2%
Indiana PacersDetlef Schrempf
28.2%
Portland Trail BlazersEvan Turner
26.7%
Team Player % Correct
Portland Trail BlazersEvan Turner
26.7%
Houston RocketsJeremy Lin
26.1%
Philadelphia 76ersT.J. McConnell
24.9%
Orlando MagicElfrid Payton
22.9%
Milwaukee BucksLarry Sanders
22.1%
Boston CelticsMarcus Smart
21.6%
Philadelphia 76ersMarkelle Fultz
20.4%
New Orleans PelicansJulius Randle
16.8%
Dallas MavericksShawn Bradley
16.5%
Houston RocketsCedric Maxwell
12.6%
Portland Trail BlazersRod Strickland
7.6%
Minnesota TimberwolvesJ.J. Barea
7.2%
New Orleans PelicansTim Frazier
5.7%
Orlando MagicBrian Shaw
4.6%
Boston CelticsGreg Monroe
4.2%

You're not logged in!

Compare scores with friends on all Sporcle quizzes.
OR
Log In

Sporcle TV

Today on Sporcle TV


Watch our educational content, quiz creation guides, and fun videos on Sporcle TV.

Show Comments

Extras

Top Quizzes Today


Score Distribution

Paid Content

Your Account Isn't Verified!

In order to create a playlist on Sporcle, you need to verify the email address you used during registration. Go to your Sporcle Settings to finish the process.

Report this User

Report this user for behavior that violates our Community Guidelines.

Details: